000
00218nam a2200097Ia 4500
008
190216s9999||||xx |||||||||||||| ||und||
100
_a
Warier P A
245
0
_a
Oru Prathibha Chakravarthy
260
_b
Null
942
_c
BK
999
_c
24003
_d
24003